Czy rozpoznasz polskie nazwy zagranicznych zespołów? - Statystyki

Ogólne statystyki
  • Ten quiz został rozwiązany 598 razy
  • Średni wynik to 11 z 19
Statystyki odpowiedzi
Polski: Angielski: % Poprawnych
Królowa Queen
97%
Zielony dzień Green day
95%
Jedna republika One Republic
95%
Policja The Police
92%
Dwadzieścia jeden pilotów Twenty one pilots
88%
Wyobraź sobie smoki Imagine Dragons
78%
Zimna gra Coldplay
69%
Arktyczne małpy Arctic monkeys
67%
30 sekund do Marsa 30 seconds to mars
59%
Jeden kierunek One direction
55%
Piąta harmonia Fifth harmony
51%
Goryle Gorillaz
50%
Żuki The beatles
48%
Panika na imprezie Panic! At the Disco
47%
Wampiry The vamps
22%
Chłopcy z cichej uliczki Backstreet boys
21%
Kasztanowata piątka Maroon 5
20%
Prowadził sterowiec Led zeppelin
19%
Sprzyjać ludziom Foster the people
6%
Nie znaleziono quizów pasujących do podanych kryteriów
Rozkład punktacji
Procent ludzi z każdym wynikiem
Percentyl według liczby udzielonych odpowiedzi
Twoja historia wyników
Nie rozwiązałeś tego quizu